Statistics for NBA Players Based On Their Signature Move

Click here to take the quiz!

General Stats

  • This quiz has been taken 28 times
  • The average score is 9 of 15

Answer Stats

HintAnswer% Correct
Sky HookKareem Abdul Jabbar
96%
LeF*ck you 3LeBron James
89%
No-Look 3Stephen Curry
89%
Dream ShakeHakeem Olajuwon
81%
One Leg FadeawayDirk Nowitzki
78%
Fade-awayMichael Jordan
78%
Logo 3Damian Lillard
59%
Elbow PassJason Williams
56%
No Look PassMagic Johnson
52%
Hesi Pull-upKevin Durant
48%
Rock The CaddleJulius Erving
44%
Jab StepCarmelo Anthony
33%
Finger RollGeorge Gervin
33%
Killer CrossoverTim Hardaway
33%
Euro StepManu Ginobli
11%

Score Distribution

Percentile by Number Answered

Percent of People with Each Score

Your Score History

You have not taken this quiz